Statistiques concernant Départements qui bordent la Suisse

Cliquez ici pour prendre le quiz!

Statistiques générales

  • Ce quiz a été pris 6 914 fois
  • Le résultat moyen est 5 sur 6

Réponses sur la Carte

Les réponses sont colorées sur une échelle allant du rouge au vert en fonction du pourcentage des utilisateurs qui les ont devinées à leur premier essai. Vous pouvez retrouver ces pourcentages ci-dessous.
 

Statistiques - réponses

Département% Correct
74Haute-Savoie
93%
39Jura
88%
90Territoire de Belfort
85%
68Haut-Rhin
83%
1Ain
81%
25Doubs
79%

Distribution des résultats

Percentile par nombre de réponses

% des personnes avec chaque résultat

Votre développement - résultats

Vous n’avez pas pris ce quiz